000 00901naa a22002777u 4500
001 05264
003 HDC
007 cr bn ---aaaaa
008 210119s2001 xx a b 001 0 eng
040 _aHDC
100 _aTZOU-CHI, HUANG,
_eauthor
_95515
245 0 _aFlavors of Meat Products /
_cby TZOU-CHI HUANG and CHI-TANG HO
260 _a[No Place] :
_b[publisher not identified],
_c2001
300 _a32 pages
336 _atext
_2rdacontent
337 _acomputer
_2rdamedia
338 _aonline resource
_2rdacarrier
500 _aOriginal from book
650 _aMeat product
_9382
650 _aMeat
_91368
700 _aCHI-TANG, HO,
_eauthor
_95516
856 _zRequest full-text at [email protected]
942 _2lcc
942 _cCHAP
942 _kEBCH 002689
999 _c2588
_d2588